000 00618nam a2200253Ia 4500
005 20260121153952.0
008 008 260114s9999 xx 000 0 eng d
020 _a9781003294221
037 _aEBOOK
040 _aCRL
040 _beng
040 _cCRL
041 _2eng
041 _aeng
084 _qCRL
100 _a Pier Paolo Saviotti
_91001377
245 0 _aInnovation, Complexity and Economic Evolution
260 _bTaylor and Francis
260 _c2023
856 _uhttp://www.taylorfrancis.com/books/9781003294221
942 _cEBOOK
999 _c1568198
_d1568198